| 000 | 00629nam a2200229Ia 4500 | ||
|---|---|---|---|
| 003 | OSt | ||
| 005 | 20220927105530.0 | ||
| 006 | a|||||r|||| 00| 0 | ||
| 007 | ta | ||
| 008 | 220926b |||||||| |||| 00| 0 eng d | ||
| 024 | _a172406 | ||
| 037 | _cReference Collections | ||
| 040 |
_aRTL _cRTL _beng |
||
| 041 |
_2eng _aeng |
||
| 082 | _a"X:(B28).N52, J2" | ||
| 100 |
_aFrisch Ragnar _9372990 |
||
| 245 | 0 | _aMemorandum. | |
| 260 |
_aOSLO _bEconomics and statistics university oslo _c1952 |
||
| 300 |
_a52p. _ccm. |
||
| 942 |
_h"X:(B28).N52, J2" _cCC |
||
| 999 |
_c692866 _d692866 |
||